1517 1955 1889 1460 1300 1137 1076 1960 1229 1772 1342 1185 1529 1162 1177 1283 1527 1503 1320 1541 1843 1957 1358 1616 1136 1136 1356 1186 1462 1139 1343 1333 1662 1284 1799 1603 1505 1560 1475 1450 1563 1089 1910 1804 1624 1010 1366 1836 1179 1009 1947 1619 1172 1314 1355 1259 1351 1837 1625 1632 1583 1215 1987 1978 1172 1143 1601 1570 1942 1421 1649 1214 1029 1260 1691 1904 1535 1224 1170 1687 1189 1461 1593 1564 1916 1831 1666 1564 1096 1350 1718 1062 1372 1774 1488 1884 1291 1468 1376 BCNSPRNW ULIB Ver.6.0+V

เปลี่ยนเป็นภาษาไทย

Change to English
 แสดงรายละเอียดบรรณานุกรม
  กลับหน้าหลัก

Brief Record : Get Marc (ISO 2709) : E-mail record : QR code < ปิดหน้าต่าง
LEADER : 00000nam 2200000uu 4500
001    13399112616
003     ULIB
008    110829s2547||||th 000 0 tha d
020    9746108816 (ล.1)
050  4 HQ793^bส719พ ล.1 2547
245 00 พัฒนาการวัยรุ่นและการอบรม หน่วยที่ 1-8=^bAdolescent development and upbringing /^cสาขาวิชาคหกรรมศาสตร์ มหาวิทยาลัยสุโขทัยธรรมาธิราช
246 31 Adolescent development and upbringing
250    พิมพ์ครั้งที่ 9
260    กรุงเทพฯ :^bฝ่ายการพิมพ์ มสธ.,^c2547
300    2 เล่ม
500    เอกสารการสอนชุดวิชาพัฒนาการวัยรุ่นและการอบรม
650  4 เด็ก^xการบริบาลและสุขวิทยา
650  4 วัยรุ่น
710 2  มหาวิทยาลัยสุโขทัยธรรมาธิราช. ^bสาขาวิชาคหกรรมศาสตร์
740 02 เอกสารการสอนชุดวิชาพัฒนาการวัยรุ่นและการอบรม
945    ^p0^l0^i018928
995    ทศพร
999 ^a ทศพร
รายการนี้ยังไม่มีแท็ก
คุณยังไม่ได้ล็อกอิน คุณสามารถมีกิจกรรมร่วมกับเว็บไซต์ได้ แต่ต้องล็อกอินก่อน ::
  ล็อกอิน

รายการสื่อสารสนเทศ

ลำดับที่ ประเภท เลขเรียก/บาร์โค้ด สถานที่ สถานะ
- ไม่พบข้อมูล -

รายการใกล้เคียง
    หัวเรื่อง [วัยรุ่น]

BibComment


ยังไม่เคยถูกคอมเมนท์

คอมเมนท์ทรัพยากรรายการนี้
  คอมเมนท์: พัฒนาการวัยรุ่นแล..


 Copyright 2026. Bcnsprnw @Library